Top 20 Rarest bird species in the world - Statistics

General Stats
  • This quiz has been taken 10 times
  • The average score is 4 of 20
Answer Stats
Picture Answer % Correct
Spix's Macaw
90%
Orange-bellied parrot
30%
Red-crowned crane
30%
Crested ibis
20%
Edward’s Pheasant
20%
Regent honeyeater
20%
Scaly-sided merganser
20%
White-backed vulture
20%
Antioquia brushfinch
10%
Bali myna
10%
Blue-crowned laughingthrush
10%
Christmas frigatebird
10%
Great green macaw
10%
Honduran emerald
10%
Madagascar pochard
10%
New Zealand rock wren
10%
Rufous-headed hornbill
10%
Spoon-billed sandpiper
10%
Yellow-breasted bunting
10%
Yellow-crested cockatoo
10%
No matching quizzes found
Score Distribution
Percent of People with Each Score
Percentile by Number Answered
Your Score History
You have not taken this quiz